| 000 | 00858cab a22002175a 4500 | ||
|---|---|---|---|
| 001 | L148294 | ||
| 008 | 090901e20090815xxka f g 000 0 eng d | ||
| 035 | _a(Sirsi) u148294 | ||
| 041 | 0 | _aeng | |
| 100 | 1 | _aDeckker, Sebastian | |
| 245 | 0 | 0 | _aKeeping up appearances |
| 260 | _c2009 | ||
| 490 |
_aEstates Gazette _v(0932) 15 August 2009, 64-65 (2) |
||
| 520 | _aDiscusses listed buildings and the need for consent for any alterations, extensions or demolitions of listed buildings or buildings in conservation areas. Provides tips for surveyors. | ||
| 590 | _aKA | ||
| 650 | 2 | 4 | _aPLANNING POLICY GUIDANCE 15 (PLANNING AND THE HISTORIC ENVIRONMENT) |
| 650 | 2 | 4 | _aPLANNING (LISTED BUILDINGS AND CONSERVATION AREAS) ACT 1990 |
| 651 | 4 |
_aEngland _y886- |
|
| 690 | _aBUILT ENVIRONMENT-BUILDING TYPES-ANCIENT MONUMENTS AND HISTORIC BUILDINGS | ||
| 942 | _n0 | ||
| 999 |
_c81773 _d81773 |
||